书目信息 |
| 题名: |
周易集注
|
|
| 作者: | 来知德, 撰 ;王丰先 点校 | |
| 分册: | 下 | |
| 出版信息: | 北京 中華書局 2019 |
|
| 页数: | 2册 (12, 11, 816页) | |
| 开本: | 21cm | |
| 丛书名: | 易學典籍選刊 | |
| 单 册: | ||
| 中图分类: | B221.2 | |
| 科图分类: | ||
| 主题词: | ||
| 电子资源: | ||
| ISBN: | 978-7-101-13661-6 | |
| 000 | 01421oam2 2200265 450 | |
| 001 | 2131045230 | |
| 005 | 20211031084506.44 | |
| 010 | @a978-7-101-13661-6@dCNY39.00(全2册78.00) | |
| 100 | @a20191125d2019 em y0chiy50 ea | |
| 101 | 0 | @achi |
| 102 | @aCN@b110000 | |
| 105 | @ay z 000yy | |
| 106 | @ar | |
| 200 | 1 | @a周易集注@Azhou yi ji zhu@h下@f(明) 来知德撰@g王丰先点校 |
| 210 | @a北京@c中華書局@d2019 | |
| 215 | @a2册 (12, 11, 816页)@d21cm | |
| 225 | 2 | @a易學典籍選刊@Ayi hua dian ji shua kan |
| 330 | @a本书又名《易经集注》《易经来注》《周易来注》《周易来注图解》《易经来注图解》,是明代学者来知德撰写的一部易学著作。该书共16卷。在研经思路上,以象数为方法,以义理为旨归,以《系辞传》“错综其数”、“非其中爻不备”二语贯串上下经六十四卦,纵横推阐,多有创获。具体来说,其注皆先释象义、字义及错综义,然后训本卦本爻正意,参互旁通,自成一说。通过该书,读者将对《周易》所用的“错”“综”等阐释方法有更深入理解。该书问世后,在明清两代流传甚广,仅明末就有五次刊刻,而清代更迭经刊布,见于载记者不绝如缕。此次整理,以张惟任虎林本为底本,以崇祯五年史应选本、康熙十六年高奣映朝爽堂本、康熙二十七年崔华宝廉堂本为校本,并参校重修虎林本及文渊阁《四库全书》本。 | |
| 461 | 0 | @12001 @a易學典籍選刊 |
| 605 | @a周易@Azhou yi@x注释 | |
| 690 | @aB221.2@v5 | |
| 701 | 0 | @a来知德,@Alai zhi de ,@f明代@4撰 |
| 702 | 0 | @a王丰先@Awang feng xian@4点校 |
| 801 | 0 | @aCN@b百万庄@c20211029 |
| 905 | @b1313123-26@dB221.2@e1016:2@f4 | |
| 周易集注.下/(明) 来知德撰/王丰先点校.-北京:中華書局,2019 |
| 2册 (12, 11, 816页);21cm.-(易學典籍選刊) |
| ISBN 978-7-101-13661-6:CNY39.00(全2册78.00) |
| 本书又名《易经集注》《易经来注》《周易来注》《周易来注图解》《易经来注图解》,是明代学者来知德撰写的一部易学著作。该书共16卷。在研经思路上,以象数为方法,以义理为旨归,以《系辞传》“错综其数”、“非其中爻不备”二语贯串上下经六十四卦,纵横推阐,多有创获。具体来说,其注皆先释象义、字义及错综义,然后训本卦本爻正意,参互旁通,自成一说。通过该书,读者将对《周易》所用的“错”“综”等阐释方法有更深入理解。该书问世后,在明清两代流传甚广,仅明末就有五次刊刻,而清代更迭经刊布,见于载记者不绝如缕。此次整理,以张惟任虎林本为底本,以崇祯五年史应选本、康熙十六年高奣映朝爽堂本、康熙二十七年崔华宝廉堂本为校本,并参校重修虎林本及文渊阁《四库全书》本。 |
| ● |
| 相关链接 |
|
|
|
|
正题名:周易集注
索取号:B221.2/1016:2
 
预约/预借
| 序号 | 登录号 | 条形码 | 馆藏地/架位号 | 状态 | 备注 |
| 1 | 1313123 | 213131234 | 第一样本阅览室/ [索取号:B221.2/1016:2] | 在馆 | |
| 2 | 1313124 | 213131243 | 第一借阅区/ [索取号:B221.2/1016:2] | 在馆 | |
| 3 | 1313125 | 213131252 | 第一借阅区/ [索取号:B221.2/1016:2] | 在馆 | |
| 4 | 1313126 | 213131261 | 第一借阅区/ [索取号:B221.2/1016:2] | 在馆 |